Public administration (Record no. 8837)

MARC details
000 -LEADER
fixed length control field 00487cam a2200205ua 4500
001 - CONTROL NUMBER
control field 9835
005 - DATE AND TIME OF LATEST TRANSACTION
control field 20260515114529.0
008 - FIXED-LENGTH DATA ELEMENTS--GENERAL INFORMATION
fixed length control field 160909n ii |||gr||||Z||||||eng
020 ## - INTERNATIONAL STANDARD BOOK NUMBER
International Standard Book Number 9789327253931
040 ## - CATALOGING SOURCE
Transcribing agency MAIN
041 ## - LANGUAGE CODE
Language code of text/sound track or separate title eng
082 ## - DEWEY DECIMAL CLASSIFICATION NUMBER
Classification number 351
100 ## - MAIN ENTRY--PERSONAL NAME
Personal name Ghai, K.K.,
Relator term Author.
245 ## - TITLE STATEMENT
Title Public administration
Statement of responsibility, etc. By K.K. Ghai
250 ## - EDITION STATEMENT
Edition statement 5th re. & enl. ed.
260 ## - PUBLICATION, DISTRIBUTION, ETC.
Place of publication, distribution, etc. Ludhiana:
Name of publisher, distributor, etc. Kalyani,
Date of publication, distribution, etc. 2015.
300 ## - PHYSICAL DESCRIPTION
Extent 464p.
653 ## - INDEX TERM--UNCONTROLLED
Uncontrolled term Public administration
942 ## - ADDED ENTRY ELEMENTS (KOHA)
Koha item type Books
Holdings
Withdrawn status Lost status Damaged status Not for loan Home library Current library Shelving location Date acquired Total checkouts Full call number Barcode Date last seen Copy number Price effective from Koha item type Date last checked out
        Naharkatiya College Library Naharkatiya College Library General stacks 09/19/2020   351Public administration | GHA 23501 09/19/2020 3 09/19/2020 Books  
        Naharkatiya College Library Naharkatiya College Library General stacks 09/19/2020 1 351Public administration | GHA 23502 06/19/2023 2 09/19/2020 Books 06/19/2023
        Naharkatiya College Library Naharkatiya College Library General stacks 09/19/2020 1 351Public administration | GHA 23503 11/16/2021 1 09/19/2020 Books 10/27/2021